000 00430nam a22001577a 4500
005 20241219003927.0
008 241219b |||||||| |||| 00| 0 eng d
020 _a9559564218
082 _26947
_a305
_bNAN
100 _aRatnapala, N
245 _aBehaviour Modification Among Commercial Sex Workers of Sri Lanka
260 _aNugegoda
_bNandasena Ratnapala
_c1995
300 _axxii, 103 p.,
650 _aSex Worker
942 _cL
999 _c5944
_d5944